000
00207 a2200097 4500
001
7096
100
_a
Khan, R.B
245
_a
My beloved Pakistan
260
_a
_b
Trade industry pubs
_c
090
_c
5866
_d
5866
942
_a
NUST-CAE
_c
M
_c
32340
999
_c
242169
_d
242169